Statistiche per Cantanti italiani

Clicka qui per fare il quiz!

Statistiche generali

  • Questo quiz è stato fatto 584 volte
  • Il punteggio medio è 12 su 16

Statistiche sulle risposte

Risposta% Corretto
Maneskin
99%
Blanco
97%
Fedez
97%
Sfera Ebbasta
94%
Mahmood
92%
Fabri Fibra
90%
Sangiovanni
89%
Rocco Hunt
86%
Marracash
75%
Ernia
69%
Carl Brave
61%
Tedua
58%
Aka7even
50%
Emis Killa
48%
Psicologi
43%
Franco126
34%

Distribuzione punteggi

Percentile per numero di risposta

Percentuale di utenti per punteggio

I tuoi punteggi nel tempo

Non hai fatto questo quiz